000 00760cam a22002293a 4500
001 15713
003 PGUSA
005 20140828083333.0
008 050426s2005||||xxu|||||s|||||000 | eng d
040 _aPGUSA
_beng
042 _adc
050 4 _aHE
100 1 _aLuff, John N.
_q(John Nicholas),
_d1860-1938
245 1 0 _aWhat Philately Teaches :
_bA Lecture Delivered before the Section on Philately of the Brooklyn Institute of Arts and Sciences, February 24, 1899
_h[electronic resource] /
_cJohn N. Luff
260 _bProject Gutenberg,
_c2005
506 _aPublic domain in the USA.
516 _aElectronic text
653 _aStamp collecting
830 0 _aProject Gutenberg
_v15713
856 4 0 _uhttp://www.gutenberg.org/ebooks/15713
942 _cEB
999 _c244968
_d244968